| Tag |
First Indicator |
Second Indicator |
Subfields |
| LEADER |
00000cam a2200000 4500 |
| 001 |
in00000210713 |
| 005 |
20151009060232.0 |
| 008 |
781005c19441943enka b 00010 eng d |
| 010 |
|
|
|a 43017789
|
| 035 |
|
|
|a (OCoLC)04266031
|
| 035 |
|
|
|9 AAX3023AM
|
| 040 |
|
|
|a DLC
|c FQG
|d TXA
|d UtOrBLW
|
| 049 |
|
|
|a TXAM
|c [118564]
|
| 050 |
|
0 |
|a HF5616.G3
|b S5
|
| 082 |
0 |
|
|a 657
|
| 100 |
1 |
|
|a Singer, H. W.
|q (Hans Wolfgang),
|d 1910-2006.
|
| 245 |
1 |
0 |
|a Standardized accountancy in Germany /
|c by H. W. Singer.
|
| 264 |
|
1 |
|a Cambridge [England] :
|b The University press,
|c 1944
|
| 264 |
|
4 |
|c [©1943]
|
| 300 |
|
|
|a 68 pages :
|b tables (2 on folded .) ;
|c 22 cm.
|
| 336 |
|
|
|a text
|b txt
|2 rdacontent
|
| 337 |
|
|
|a unmediated
|b n
|2 rdamedia
|
| 338 |
|
|
|a volume
|b nc
|2 rdacarrier
|
| 490 |
0 |
|
|a National institute of economic and social research. Occasional papers. V
|
| 504 |
|
|
|a Bibliographical foot-notes.
|
| 650 |
|
0 |
|a Accounting
|x History.
|
| 650 |
|
0 |
|a Cost accounting.
|
| 999 |
|
|
|a MARS
|
| 999 |
f |
f |
|s 14c04937-4878-33d1-82dc-36d1e3253c47
|i 22b4df6f-591f-398f-86cf-6f216fee053a
|t 0
|
| 952 |
f |
f |
|p ric
|a Texas A&M University
|b Rellis Campus
|c Joint Library Facility
|d Remote Storage
|t 0
|e HF5616.G3 S5
|h Library of Congress classification
|i unmediated -- volume
|m A14802829813
|
| 998 |
f |
f |
|a HF5616.G3 S5
|t 0
|l Remote Storage
|